000 00426nmm a2200145Ia 4500
008 251105s9999||||xx |||||||||||||||||und||
041 _aspa
100 _aRomero, Antonia
245 0 _aLos diletantes :
_b El quinto sello I
264 _a[Madrid, España] :
_bEdiciones B,
_c2013
300 _a207 páginas
650 _aTeen & Young Adult Fiction
856 _uhttps://public.digitaliapublishing.com/a/53949
942 _cCF
999 _c104694
_d104694